Регионална библиотека "Любен Каравелов" - Русе

Стопанство и домашна хигиена (Запис номер 165026)

MARC детайли
000 -Лидер
Контролно поле с фиксирана дължина 01554nam a2200361 c 4500
003 - Код на организацията, давaща контролен номер
Контролно поле BLK
005 - Дата и час на последна редакция
Контролно поле 20201012123105.0
008 - Елементи от данни с фиксирана дължина
fixed length control field 180410b bul|||||r ||||||| ||bul||
010 ## - Наследен системен номер
LC control number KNG00172591000
040 ## - Източник на каталожния запис
Идентификатор на билиотеката - собственик на записа BLK
041 ## - Код за език
Код за езика на текст/звукозапис или на отделно заглавие Български
Код за езика КДБФ Български
072 #7 - Код за тематичната категория
Код организация bullib
Код за тематична категория Ц
Текст Редки и ценни
080 ## - УДК
Текстов определител УДК Домакинство. Комунално-битово обслужване
УДК код - определител по УДК 64
УДК определител (035)
УДК - код + определител 64(035)
139 ## - Редно поле
Редна дума Попов, Димитър Г.
Авторски знак Попов - П 76
245 10 - Сведения за заглавието
Заглавие Стопанство и домашна хигиена
Подзаглавни данни За самообразование и дев. уч. заведения
Редно поле (дума) наредил Димитър Г. Попов.
257 ## - Страна на издаване
Страна на създаване/издаване България
260 ## - Област на издателските данни
Име на издателя, разпространителя и проч. книж. Т. П. Джамджиев
Година на издаване 1894
Печатница В. Търново : Х. Т. С. Фъртунов
Място на издаване, разпространение и проч. В. Търново
300 ## - Физическа характеристика
Страници 203 с.
Размери/Мащаб 22 см
380 ## - Жанр
Жанр Техника
490 ## - СЕРИИ (Колекции)
9 (RLIN) 435080
Име на серия Колекция Редки и ценни издания
500 ## - Общи забележки
Забележка Подв. към Атанас Т. Илиев, Сборник от народни умотворения, обичаи и др., сигн. Рб 889 и инв. № 453875.
650 #4 - Допълнително описание по предмет – тема
Основно описание – тема или топоним Домакинство - наръчници и ръководства
9 (RLIN) 249132
653 ## - Ключова дума – ненормативна
Ключова дума домакинство
653 ## - Ключова дума – ненормативна
Ключова дума хигиена
653 ## - Ключова дума – ненормативна
Ключова дума деца
653 ## - Ключова дума – ненормативна
Ключова дума хранителни навици
659 ## - Тематичен бюлетин
Тематичен бюлетин Ц
700 1# - Други автори (авторска отговорност)
Лично име Попов, Димитър Г.
Автороска отговорност (Описва отношението между автора и произведението) наредил
9 (RLIN) 336583
852 ## - Местоположение
Форматна сигнатура Рб 889
856 4# - Електронен адрес и достъп
Електронен формат pdf - файл
856 4# - Електронен адрес и достъп
Електронен формат pdf - файл
999 ## - СИСТЕМНИ КОНТРОЛНИ НОМЕРА
Koha biblionumber 165026
Koha biblioitemnumber 165026
942 ## - АРТИКУЛИ
Вид на библиотечния материал Книги
Скрит в OPAC Не
Периодичен библиозапис Да
944 ## - СЪЗДАВАНЕ И РЕДАКЦИЯ на ЗАПИСА
Създаване/Редакция Създаване
Дата на регистрацията/редакция 06.03.2015
Служител, извършил регистрацията/редакцията Наталия_Медовщикова
944 ## - СЪЗДАВАНЕ И РЕДАКЦИЯ на ЗАПИСА
Създаване/Редакция Редакция
Дата на регистрацията/редакция 26.02.2016
Служител, извършил регистрацията/редакцията Виолета_Тройчева
999 ## - СИСТЕМНИ КОНТРОЛНИ НОМЕРА
Koha biblioitemnumber 165026
Наличности
Код за отписване Код за изгубен артикул Източник на класификационната схема Код за повреда Коз за рестрикции Код за отдаване Артикулен № Име на библиотеката - собственик Име на библиотеката, в която се намира в момента Статус (Текущо местоположение) Дата на вписване в системата Местоположение - отдел Цена в лева Инвентарен номер Систематично азбучна сигнатура Баркод Номер на екземпляра Цена в евро Служебна бележка Служебен тип на артикула
  Не е изгубен Universal Decimal Classification Не е повреден само за читалня Специални фондове ( старопечатни, редки и ценни, фонд М. Арнаудов) 278090 Регионална библиотека "Любен Каравелов" Русе Регионална библиотека "Любен Каравелов" Русе Редки и ценни 2016-02-26 Редки и ценни 5.00 120000798412 Рб 889 120000798412 1 2.56 Дост: DA Вид: А N: 9 Дата: 26.02.2016 Дата инв: 19.12.2016 Бележки инв: Рц2016 Книги
Vip Innovations Ltd, Rousse, Bulgaria 2025